[Event "MCR druzstev mladsich zaku 2015"]
[Site "Hradec Kralove"]
[Date "2015.06.12"]
[Round "2.15"]
[White "Zeman (Policka), Daniel"]
[Black "Rousek (ERA), Jan"]
[Result "0-1"]
[BlackElo "1461"]
[WhiteElo "1574"]
[LiveChessVersion "1.4.4"]

1. e4 {[%clk 0:25:18]} c5 {[%clk 0:25:19]} 2. Nf3 {[%clk 0:25:25]} e6
{[%clk 0:25:26]} 3. d4 {[%clk 0:25:32]} cxd4 {[%clk 0:25:33]} 4. Nxd4
{[%clk 0:25:40]} Nf6 {[%clk 0:25:40]} 5. Nc3 {[%clk 0:25:49]} Nc6
{[%clk 0:25:48]} 6. f3 {[%clk 0:25:40]} Bb4 {[%clk 0:24:52]} 7. Be3
{[%clk 0:25:02]} O-O {[%clk 0:24:02]} 8. Qd2 {[%clk 0:24:19]} d5 {[%clk 0:22:32]}
9. exd5 {[%clk 0:23:41]} Nxd5 {[%clk 0:22:24]} 10. Rd1 {[%clk 0:22:56]} e5
{[%clk 0:18:43]} 11. Nxc6 {[%clk 0:22:09]} bxc6 {[%clk 0:18:50]} 12. Bc4
{[%clk 0:21:39]} Qh4+ {[%clk 0:17:57]} 13. Bf2 {[%clk 0:21:04]} Qxc4
{[%clk 0:17:20]} 14. Qd3 {[%clk 0:20:08]} Qxd3 {[%clk 0:15:44]} 15. Rxd3
{[%clk 0:20:00]} Bxc3+ {[%clk 0:15:02]} 16. bxc3 {[%clk 0:20:07]} Ba6
{[%clk 0:14:39]} 17. Rd2 {[%clk 0:19:46]} Nxc3 {[%clk 0:14:32]} 18. Bc5
{[%clk 0:18:56]} Rfd8 {[%clk 0:14:12]} 19. Rxd8+ {[%clk 0:18:58]} Rxd8
{[%clk 0:14:19]} 20. Kf2 {[%clk 0:19:01]} Rd2+ {[%clk 0:13:41]} 21. Kg3
{[%clk 0:18:46]} Rxc2 {[%clk 0:12:35]} 22. Bxa7 {[%clk 0:18:34]} Nxa2
{[%clk 0:12:07]} 23. Rd1 {[%clk 0:17:29]} f6 {[%clk 0:11:36]} 24. Be3
{[%clk 0:16:18]} c5 {[%clk 0:10:17]} 25. Kg4 {[%clk 0:15:07]} Rxg2+
{[%clk 0:09:49]} 26. Kf5 {[%clk 0:15:09]} c4 {[%clk 0:08:44]} 27. Bc5
{[%clk 0:12:44]} Rg5+ {[%clk 0:07:30]} 28. Ke6 {[%clk 0:12:27]} h5
{[%clk 0:07:04]} 29. Rd8+ {[%clk 0:12:08]} Kh7 {[%clk 0:07:11]} 30. Ra8
{[%clk 0:11:44]} Bb7 {[%clk 0:05:32]} 31. Rxa2 {[%clk 0:11:37]} Bxf3
{[%clk 0:05:41]} 32. Rc2 {[%clk 0:11:16]} Bd1 {[%clk 0:04:47]} 33. Rc1
{[%clk 0:10:59]} Bb3 {[%clk 0:05:04]} 34. Kd5 {[%clk 0:10:52]} c3+
{[%clk 0:04:36]} 35. Ke4 {[%clk 0:10:55]} c2 {[%clk 0:04:41]} 36. Kf3
{[%clk 0:10:30]} e4+ {[%clk 0:04:50]} 37. Kxe4 {[%clk 0:10:24]} Rxc5
{[%clk 0:04:59]} 0-1

[Event "MCR druzstev mladsich zaku 2015"]
[Site "Hradec Kralove"]
[Date "2015.06.12"]
[Round "2.16"]
[White "Husa (ERA), Daniel"]
[Black "Svanda (Policka), Adam"]
[Result "0-1"]
[BlackElo "1595"]
[WhiteElo "1494"]
[LiveChessVersion "1.4.4"]

1. d4 {[%clk 0:25:17]} Nf6 {[%clk 0:25:18]} 2. Nf3 {[%clk 0:25:24]} g6
{[%clk 0:25:26]} 3. Nc3 {[%clk 0:25:25]} Bg7 {[%clk 0:25:33]} 4. e4
{[%clk 0:25:25]} d6 {[%clk 0:25:37]} 5. Bc4 {[%clk 0:24:27]} O-O {[%clk 0:25:30]}
6. Qd3 {[%clk 0:23:37]} Nbd7 {[%clk 0:24:07]} 7. O-O {[%clk 0:23:04]} c5
{[%clk 0:23:57]} 8. d5 {[%clk 0:21:19]} Nb6 {[%clk 0:21:46]} 9. Bf4
{[%clk 0:20:00]} Nxc4 {[%clk 0:20:17]} 10. Qxc4 {[%clk 0:19:38]} e5
{[%clk 0:17:47]} 11. dxe6 {[%clk 0:18:55]} Bxe6 {[%clk 0:17:53]} 12. Qe2
{[%clk 0:17:47]} d5 {[%clk 0:17:39]} 13. exd5 {[%clk 0:16:55]} Nxd5
{[%clk 0:17:41]} 14. Nxd5 {[%clk 0:16:45]} Bxd5 {[%clk 0:16:10]} 15. c3
{[%clk 0:13:44]} Qf6 {[%clk 0:13:38]} 16. Bg3 {[%clk 0:11:44]} a6
{[%clk 0:12:22]} 17. a3 {[%clk 0:10:40]} b5 {[%clk 0:11:59]} 18. Nd2
{[%clk 0:09:26]} Qc6 {[%clk 0:11:26]} 19. f3 {[%clk 0:08:58]} Qb6
{[%clk 0:09:42]} 20. Qf2 {[%clk 0:08:14]} Qc6 {[%clk 0:08:34]} 21. Rfe1
{[%clk 0:07:20]} a5 {[%clk 0:08:01]} 22. Rac1 {[%clk 0:06:32]} b4
{[%clk 0:08:00]} 23. Qf1 {[%clk 0:04:29]} bxa3 {[%clk 0:04:05]} 24. bxa3
{[%clk 0:04:18]} c4 {[%clk 0:03:50]} 25. Kh1 {[%clk 0:03:14]} Qa4
{[%clk 0:03:20]} 26. Bd6 {[%clk 0:02:30]} Rfd8 {[%clk 0:03:16]} 27. Be7
{[%clk 0:02:17]} Rd7 {[%clk 0:02:59]} 28. Bh4 {[%clk 0:02:00]} Qxa3
{[%clk 0:02:54]} 29. Nxc4 {[%clk 0:01:57]} Qc5 {[%clk 0:02:04]} 30. Ne3
{[%clk 0:01:28]} Rc8 {[%clk 0:01:19]} 31. Nxd5 {[%clk 0:01:30]} Qxd5
{[%clk 0:01:13]} 32. Red1 {[%clk 0:01:27]} Qe6 {[%clk 0:00:29]} 33. Rxd7
{[%clk 0:01:31]} Qxd7 {[%clk 0:00:38]} 34. Be1 {[%clk 0:01:20]} Qc7
{[%clk 0:00:40]} 35. Qd3 {[%clk 0:01:23]} Qf4 {[%clk 0:00:47]} 36. Rd1
{[%clk 0:01:23]} Qc7 {[%clk 0:00:46]} 37. Rc1 {[%clk 0:01:31]} Qc4
{[%clk 0:00:41]} 38. Qxc4 {[%clk 0:01:37]} Rxc4 {[%clk 0:00:50]} 39. Kg1
{[%clk 0:01:42]} Kf8 {[%clk 0:00:58]} 40. Kf2 {[%clk 0:01:50]} Ke7
{[%clk 0:00:47]} 41. Ke3 {[%clk 0:01:57]} Kd6 {[%clk 0:00:48]} 42. Kd3
{[%clk 0:02:06]} Kc5 {[%clk 0:00:57]} 43. Bf2+ {[%clk 0:02:12]} Kd5
{[%clk 0:01:06]} 44. Be1 {[%clk 0:02:06]} a4 {[%clk 0:01:14]} 45. Ra1
{[%clk 0:02:12]} f5 {[%clk 0:00:55]} 46. g3 {[%clk 0:02:13]} g5 {[%clk 0:00:58]}
47. h3 {[%clk 0:02:17]} h5 {[%clk 0:01:04]} 48. Ra2 {[%clk 0:02:21]} g4
{[%clk 0:00:55]} 49. hxg4 {[%clk 0:02:18]} hxg4 {[%clk 0:01:01]} 50. fxg4
{[%clk 0:02:19]} Rxg4 {[%clk 0:01:06]} 51. Re2 {[%clk 0:01:51]} Re4
{[%clk 0:00:55]} 52. Rf2 {[%clk 0:01:47]} Rxe1 {[%clk 0:00:59]} 53. Rxf5+
{[%clk 0:01:54]} Re5 {[%clk 0:00:59]} 54. Rxe5+ {[%clk 0:01:41]} Bxe5
{[%clk 0:01:01]} 55. Kc2 {[%clk 0:01:44]} a3 {[%clk 0:01:00]} 56. Kb3
{[%clk 0:01:49]} Bd6 {[%clk 0:01:08]} 57. g4 {[%clk 0:01:47]} Ke5
{[%clk 0:01:17]} 58. c4 {[%clk 0:01:46]} Kf4 {[%clk 0:01:23]} 59. Kc3
{[%clk 0:01:40]} Kxg4 {[%clk 0:01:27]} 60. Kb3 {[%clk 0:01:28]} Kf4
{[%clk 0:01:35]} 61. Kc3 {[%clk 0:01:37]} Ke4 {[%clk 0:01:44]} 62. Kb3
{[%clk 0:01:45]} Kd3 {[%clk 0:01:53]} 63. Ka2 {[%clk 0:01:48]} Kc3
{[%clk 0:02:00]} 64. c5 {[%clk 0:01:48]} Bxc5 {[%clk 0:02:07]} 65. Kb1
{[%clk 0:01:48]} Kb3 {[%clk 0:02:15]} 66. Ka1 {[%clk 0:01:54]} Bd4+
{[%clk 0:02:24]} 67. Kb1 {[%clk 0:02:02]} a2+ {[%clk 0:02:33]} 68. Kc1
{[%clk 0:02:11]} a1=Q+ {[%clk 0:02:40]} 69. Kd2 {[%clk 0:02:21]} Qc3+
{[%clk 0:02:46]} 70. Ke2 {[%clk 0:02:29]} Qe3+ {[%clk 0:02:55]} 71. Kd1
{[%clk 0:02:38]} Qf2 {[%clk 0:02:55]} 72. Kc1 {[%clk 0:02:47]} Qc2#
{[%clk 0:03:03]} 0-1

[Event "MCR druzstev mladsich zaku 2015"]
[Site "Hradec Kralove"]
[Date "2015.06.12"]
[Round "2.17"]
[White "Malkova (Policka), Barbora"]
[Black "Prochazka (ERA), Vojtech"]
[Result "0-1"]
[BlackElo "1364"]
[WhiteElo "1350"]
[LiveChessVersion "1.4.4"]

1. d4 {[%clk 0:25:18]} d5 {[%clk 0:25:17]} 2. e3 {[%clk 0:25:26]} Nf6
{[%clk 0:25:11]} 3. Bd3 {[%clk 0:25:34]} e6 {[%clk 0:23:35]} 4. c4
{[%clk 0:25:41]} c6 {[%clk 0:22:38]} 5. Nc3 {[%clk 0:25:46]} Bb4 {[%clk 0:22:17]}
6. Bd2 {[%clk 0:25:53]} Nbd7 {[%clk 0:21:12]} 7. f4 {[%clk 0:25:58]} Nb6
{[%clk 0:20:14]} 8. c5 {[%clk 0:26:02]} Nc4 {[%clk 0:19:34]} 9. b3
{[%clk 0:25:55]} Nxd2 {[%clk 0:19:28]} 10. Qxd2 {[%clk 0:26:03]} b6
{[%clk 0:18:59]} 11. a3 {[%clk 0:25:59]} Bxc3 {[%clk 0:18:51]} 12. Qxc3
{[%clk 0:26:06]} Bd7 {[%clk 0:17:25]} 13. b4 {[%clk 0:26:07]} O-O
{[%clk 0:16:13]} 14. Nf3 {[%clk 0:26:10]} bxc5 {[%clk 0:13:31]} 15. bxc5
{[%clk 0:26:16]} Qc7 {[%clk 0:12:29]} 16. O-O {[%clk 0:26:12]} a5
{[%clk 0:10:36]} 17. Ne5 {[%clk 0:25:35]} Rfb8 {[%clk 0:09:18]} 18. Qc2
{[%clk 0:24:54]} Rb7 {[%clk 0:07:54]} 19. Rf3 Rab8 20. Rff1 {[%clk 0:22:30]} Rb2
{[%clk 0:07:29]} 21. Qd1 {[%clk 0:21:50]} Qb7 {[%clk 0:05:14]} 22. Rf3
{[%clk 0:20:35]} Qb3 {[%clk 0:04:15]} 23. Qf1 {[%clk 0:20:05]} Ra2
{[%clk 0:02:34]} 24. Rb1 {[%clk 0:19:49]} Rb2 {[%clk 0:02:22]} 25. Rd1
{[%clk 0:18:42]} Qxa3 {[%clk 0:01:52]} 26. e4 {[%clk 0:18:27]} R2b3
{[%clk 0:00:58]} 27. Rb1 {[%clk 0:17:40]} Qb4 {[%clk 0:00:21]} 28. Re1
{[%clk 0:17:01]} a4 {[%clk 0:00:12]} 29. Bc2 {[%clk 0:16:52]} Rxf3
{[%clk 0:00:20]} 30. gxf3 {[%clk 0:16:45]} a3 {[%clk 0:00:16]} 31. Rb1
{[%clk 0:16:25]} Qxd4+ {[%clk 0:00:18]} 32. Kh1 {[%clk 0:16:26]} Rxb1
{[%clk 0:00:25]} 33. Qxb1 {[%clk 0:16:25]} Qxc5 34. Qb8+ {[%clk 0:16:25]} Be8
{[%clk 0:00:37]} 35. Qb3 {[%clk 0:16:17]} dxe4 {[%clk 0:00:34]} 36. fxe4 Qa5
{[%clk 0:00:33]} 37. Qe3 {[%clk 0:15:27]} a2 {[%clk 0:00:29]} 38. Nc4
{[%clk 0:14:40]} a1=Q+ {[%clk 0:00:38]} 39. Kg2 {[%clk 0:14:46]} Q5a2
{[%clk 0:00:47]} 40. Qd3 {[%clk 0:14:42]} Qc1 {[%clk 0:00:52]} 41. Ne3
{[%clk 0:14:32]} Qca3 {[%clk 0:00:52]} 42. Qd2 {[%clk 0:14:30]} c5
{[%clk 0:00:55]} 43. Kf3 {[%clk 0:14:26]} Ba4 {[%clk 0:01:03]} 44. Qd8+
{[%clk 0:14:22]} Be8 {[%clk 0:01:10]} 45. Qd2 {[%clk 0:14:13]} Q2b2
{[%clk 0:01:14]} 46. e5 {[%clk 0:14:05]} Qbc3 {[%clk 0:01:22]} 47. Qe2
{[%clk 0:14:04]} Nd5 {[%clk 0:01:22]} 48. Kf2 {[%clk 0:13:13]} Qxe3+
{[%clk 0:01:30]} 49. Qxe3 {[%clk 0:13:04]} Qxe3+ {[%clk 0:01:39]} 50. Kf1
{[%clk 0:13:08]} Qc1+ {[%clk 0:01:48]} 51. Ke2 {[%clk 0:13:15]} Qxc2+
{[%clk 0:01:56]} 52. Kf3 {[%clk 0:13:21]} Kf8 {[%clk 0:02:05]} 53. Kg4
{[%clk 0:13:27]} Qf5+ {[%clk 0:02:12]} 54. Kg3 {[%clk 0:13:33]} Kg8
{[%clk 0:02:21]} 55. h4 {[%clk 0:13:37]} Kf8 {[%clk 0:02:28]} 56. Kf3
{[%clk 0:13:38]} Qxf4+ {[%clk 0:02:36]} 57. Ke2 {[%clk 0:13:40]} Qxe5+
{[%clk 0:02:45]} 58. Kf3 {[%clk 0:13:45]} Qh5+ {[%clk 0:02:52]} 59. Kf2
{[%clk 0:13:50]} Qxh4+ {[%clk 0:03:01]} 0-1

[Event "MCR druzstev mladsich zaku 2015"]
[Site "Hradec Kralove"]
[Date "2015.06.13"]
[Round "3.1"]
[White "Koubova (ERA), Anna Marie"]
[Black "Mica (BSS F-M \"A\"), Marek"]
[Result "1-0"]
[BlackElo "1663"]
[WhiteElo "1623"]
[LiveChessVersion "1.4.4"]

1. d4 {[%clk 0:25:17]} d5 {[%clk 0:25:16]} 2. Nf3 {[%clk 0:25:25]} Nf6
{[%clk 0:25:19]} 3. g3 {[%clk 0:25:31]} c6 {[%clk 0:25:18]} 4. Bg2
{[%clk 0:25:19]} Nbd7 {[%clk 0:25:17]} 5. O-O {[%clk 0:24:49]} e6
{[%clk 0:25:19]} 6. b3 {[%clk 0:21:35]} Bd6 {[%clk 0:25:17]} 7. c4
{[%clk 0:21:31]} O-O {[%clk 0:25:14]} 8. Nc3 {[%clk 0:21:05]} b6 {[%clk 0:25:06]}
9. Bb2 {[%clk 0:21:04]} Bb7 {[%clk 0:25:13]} 10. Qc2 {[%clk 0:20:39]} Rc8
{[%clk 0:25:01]} 11. Rfd1 {[%clk 0:16:33]} Ba6 {[%clk 0:23:07]} 12. Nb1
{[%clk 0:13:16]} c5 {[%clk 0:22:00]} 13. cxd5 {[%clk 0:09:51]} cxd4
{[%clk 0:21:34]} 14. Qd2 {[%clk 0:09:54]} Nxd5 {[%clk 0:21:02]} 15. Nxd4
{[%clk 0:09:43]} Bc5 {[%clk 0:20:50]} 16. Nc3 {[%clk 0:08:44]} N7f6
{[%clk 0:19:53]} 17. e4 {[%clk 0:08:17]} Nxc3 {[%clk 0:19:47]} 18. Bxc3
{[%clk 0:08:24]} Bb7 {[%clk 0:19:28]} 19. Qe2 {[%clk 0:05:16]} Qe7
{[%clk 0:19:16]} 20. Bb2 {[%clk 0:03:32]} Rfd8 {[%clk 0:19:00]} 21. Nb5
{[%clk 0:01:59]} a6 {[%clk 0:18:43]} 22. Nc3 {[%clk 0:00:40]} Bd4
{[%clk 0:18:21]} 23. Na4 {[%clk 0:00:24]} Bxb2 {[%clk 0:18:23]} 24. Nxb2
{[%clk 0:00:31]} b5 {[%clk 0:18:11]} 25. Nd3 {[%clk 0:00:30]} Rc7
{[%clk 0:17:58]} 26. Rac1 {[%clk 0:00:22]} Rdc8 {[%clk 0:17:07]} 27. Rxc7
{[%clk 0:00:20]} Rxc7 {[%clk 0:17:00]} 28. Rc1 {[%clk 0:00:26]} Rxc1+
{[%clk 0:17:04]} 29. Nxc1 {[%clk 0:00:34]} Qc7 {[%clk 0:17:07]} 30. Nd3
{[%clk 0:00:39]} h6 {[%clk 0:16:34]} 31. h3 {[%clk 0:00:36]} Qc6 {[%clk 0:16:01]}
32. f3 {[%clk 0:00:20]} Qb6+ 33. Qf2 {[%clk 0:00:25]} Qd6 {[%clk 0:14:05]} 34.
Nf4 {[%clk 0:00:13]} Qd1+ {[%clk 0:14:03]} 35. Qf1 {[%clk 0:00:22]} Qd4+
{[%clk 0:13:58]} 36. Qf2 {[%clk 0:00:30]} Qa1+ {[%clk 0:14:04]} 37. Kh2
{[%clk 0:00:37]} Qe5 {[%clk 0:13:57]} 38. Qb6 {[%clk 0:00:18]} g5
{[%clk 0:12:40]} 39. Qxb7 {[%clk 0:00:15]} gxf4 {[%clk 0:12:47]} 40. Qc8+
{[%clk 0:00:21]} Kg7 {[%clk 0:12:54]} 41. g4 {[%clk 0:00:28]} Qd6
{[%clk 0:12:18]} 42. Qc3 {[%clk 0:00:31]} e5 {[%clk 0:11:37]} 43. Qb2
{[%clk 0:00:22]} Kg6 {[%clk 0:11:20]} 44. Qc2 {[%clk 0:00:27]} h5
{[%clk 0:10:58]} 45. Bf1 {[%clk 0:00:35]} hxg4 {[%clk 0:10:52]} 46. hxg4
{[%clk 0:00:43]} Kg7 {[%clk 0:10:42]} 47. Qd3 {[%clk 0:00:50]} Qf8
{[%clk 0:09:08]} 48. Qc2 {[%clk 0:00:51]} Qh8+ {[%clk 0:08:56]} 49. Kg1
{[%clk 0:01:00]} Qh4 {[%clk 0:08:30]} 50. Qf2 {[%clk 0:01:08]} Qg5
{[%clk 0:07:16]} 51. Qg2 {[%clk 0:01:06]} Qh4 {[%clk 0:06:19]} 52. Qf2
{[%clk 0:01:11]} Qg5 {[%clk 0:05:35]} 53. Bg2 {[%clk 0:01:15]} Nh7
{[%clk 0:04:27]} 54. Qb6 {[%clk 0:01:06]} Qf6 {[%clk 0:04:29]} 55. Qxf6+
{[%clk 0:00:56]} Kxf6 {[%clk 0:04:37]} 56. Bf1 {[%clk 0:01:01]} Ke6
{[%clk 0:04:08]} 57. Bd3 {[%clk 0:01:09]} Ng5 {[%clk 0:04:11]} 58. Kf2
{[%clk 0:01:15]} Kd6 {[%clk 0:04:16]} 59. b4 {[%clk 0:01:23]} Kc6
{[%clk 0:04:11]} 60. Bc2 {[%clk 0:01:28]} f6 {[%clk 0:03:29]} 61. Bb3
{[%clk 0:01:34]} Kd6 {[%clk 0:03:07]} 62. Bd5 {[%clk 0:01:40]} Kc7
{[%clk 0:02:45]} 63. Bb3 {[%clk 0:01:02]} Kb6 {[%clk 0:02:36]} 64. a3
{[%clk 0:00:54]} a5 {[%clk 0:01:53]} 65. Bd1 {[%clk 0:00:53]} axb4
{[%clk 0:01:37]} 66. axb4 {[%clk 0:01:00]} Ne6 {[%clk 0:01:17]} 67. Ke2
{[%clk 0:01:06]} Nd4+ {[%clk 0:01:09]} 68. Kd3 {[%clk 0:01:13]} Kc6
{[%clk 0:01:08]} 69. Be2 {[%clk 0:01:03]} Kd6 {[%clk 0:01:00]} 70. Kd2
{[%clk 0:01:08]} Ke7 {[%clk 0:00:43]} 71. Ke1 {[%clk 0:01:11]} Kf7
{[%clk 0:00:42]} 72. Kf2 {[%clk 0:01:13]} Kg6 {[%clk 0:00:35]} 73. Bf1
{[%clk 0:01:14]} Kg5 {[%clk 0:00:29]} 74. Kg2 {[%clk 0:01:18]} Kh4
{[%clk 0:00:20]} 75. Bd3 {[%clk 0:01:19]} 1-0

[Event "MCR druzstev mladsich zaku 2015"]
[Site "Hradec Kralove"]
[Date "2015.06.13"]
[Round "3.2"]
[White "Stalmach (BSS F-M \"A\"), Richard"]
[Black "Hrbek (ERA), Stepan"]
[Result "1-0"]
[BlackElo "1452"]
[WhiteElo "1659"]
[LiveChessVersion "1.4.4"]

1. d4 {[%clk 0:25:18]} d5 {[%clk 0:25:15]} 2. Nf3 {[%clk 0:25:26]} c6
{[%clk 0:25:22]} 3. c4 {[%clk 0:25:28]} dxc4 {[%clk 0:25:28]} 4. e3
{[%clk 0:24:34]} b5 {[%clk 0:24:50]} 5. Ne5 {[%clk 0:23:40]} Nf6 {[%clk 0:21:06]}
6. a4 {[%clk 0:23:22]} a6 {[%clk 0:18:52]} 7. axb5 {[%clk 0:22:21]} cxb5
{[%clk 0:18:40]} 8. b3 {[%clk 0:21:57]} a5 {[%clk 0:16:09]} 9. bxc4
{[%clk 0:21:42]} b4 {[%clk 0:15:07]} 10. Qf3 {[%clk 0:17:59]} Ra7
{[%clk 0:11:42]} 11. c5 {[%clk 0:17:26]} Ba6 {[%clk 0:07:01]} 12. Nc6
{[%clk 0:16:39]} Nxc6 {[%clk 0:06:43]} 13. Qxc6+ {[%clk 0:16:43]} Qd7
{[%clk 0:06:23]} 14. Qxd7+ {[%clk 0:16:48]} Kxd7 {[%clk 0:05:48]} 15. Rxa5 e5
{[%clk 0:00:48]} 16. Bxa6 {[%clk 0:15:52]} Kd8 {[%clk 0:00:32]} 17. c6
{[%clk 0:15:21]} b3 {[%clk 0:00:22]} 18. Bd2 {[%clk 0:15:09]} Kc7
{[%clk 0:00:21]} 19. Bb5 {[%clk 0:13:20]} Rxa5 {[%clk 0:00:29]} 20. Bxa5+
{[%clk 0:13:21]} Kc8 {[%clk 0:00:32]} 21. Ba6+ {[%clk 0:13:20]} Kb8
{[%clk 0:00:38]} 22. c7+ {[%clk 0:13:23]} Ka7 {[%clk 0:00:46]} 23. c8=Q
{[%clk 0:13:19]} Bb4+ {[%clk 0:00:50]} 24. Bxb4 {[%clk 0:13:22]} Rxc8
{[%clk 0:00:58]} 25. Bxc8 {[%clk 0:13:25]} exd4 {[%clk 0:00:55]} 26. exd4
{[%clk 0:13:27]} Nd5 {[%clk 0:00:54]} 27. Bc5+ {[%clk 0:13:14]} Kb8
{[%clk 0:01:01]} 28. Ba6 {[%clk 0:13:15]} Kc7 {[%clk 0:01:05]} 29. O-O
{[%clk 0:13:15]} 1-0

[Event "MCR druzstev mladsich zaku 2015"]
[Site "Hradec Kralove"]
[Date "2015.06.13"]
[Round "3.3"]
[White "Rousek (ERA), Jan"]
[Black "Gnojek (BSS F-M \"A\"), Petr"]
[Result "1/2-1/2"]
[BlackElo "1605"]
[WhiteElo "1461"]
[LiveChessVersion "1.4.4"]

1. d4 {[%clk 0:25:17]} f5 {[%clk 0:25:17]} 2. c4 {[%clk 0:25:22]} Nf6
{[%clk 0:25:25]} 3. Nc3 {[%clk 0:25:20]} g6 {[%clk 0:25:32]} 4. h4
{[%clk 0:25:05]} Bg7 {[%clk 0:25:23]} 5. h5 {[%clk 0:24:40]} Nxh5 6. e4
{[%clk 0:24:17]} d6 {[%clk 0:23:01]} 7. exf5 {[%clk 0:22:29]} Nf6
{[%clk 0:22:20]} 8. fxg6 {[%clk 0:20:00]} hxg6 {[%clk 0:22:03]} 9. Rxh8+
{[%clk 0:19:44]} Bxh8 {[%clk 0:22:04]} 10. Bd3 {[%clk 0:18:29]} Bf5
{[%clk 0:20:24]} 11. Qf3 {[%clk 0:16:31]} Bxd3 {[%clk 0:19:58]} 12. Qxd3
{[%clk 0:16:36]} Kf7 {[%clk 0:19:55]} 13. Nf3 {[%clk 0:15:40]} Qd7
{[%clk 0:18:55]} 14. Ng5+ {[%clk 0:14:20]} Kg7 {[%clk 0:18:36]} 15. d5
{[%clk 0:13:49]} Na6 {[%clk 0:18:10]} 16. Ne6+ {[%clk 0:13:26]} Kf7
{[%clk 0:17:48]} 17. Bh6 {[%clk 0:11:05]} Nh7 {[%clk 0:17:24]} 18. Ne4
{[%clk 0:08:29]} Bf6 {[%clk 0:17:01]} 19. O-O-O {[%clk 0:06:20]} b6
{[%clk 0:13:41]} 20. Rh1 {[%clk 0:05:07]} Rh8 {[%clk 0:12:49]} 21. Bg5
{[%clk 0:03:23]} Nc5 {[%clk 0:12:22]} 22. N4xc5 {[%clk 0:02:48]} bxc5
{[%clk 0:12:18]} 23. Bxf6 {[%clk 0:02:44]} exf6 24. Rh6 {[%clk 0:02:41]} Ke8
{[%clk 0:08:15]} 25. Qxg6+ {[%clk 0:02:08]} Qf7 {[%clk 0:08:14]} 26. Nxc7+
{[%clk 0:02:15]} Ke7 {[%clk 0:08:12]} 27. Qxf7+ {[%clk 0:01:57]} Kxf7
{[%clk 0:08:17]} 28. Nb5 {[%clk 0:02:15]} Kg7 {[%clk 0:08:20]} 29. Rh3
{[%clk 0:02:21]} Rd8 {[%clk 0:08:07]} 30. Nxa7 {[%clk 0:02:23]} Ng5
{[%clk 0:07:46]} 31. Rb3 {[%clk 0:01:51]} Rd7 {[%clk 0:07:43]} 32. Nb5
{[%clk 0:01:29]} Nf7 {[%clk 0:07:16]} 33. a4 {[%clk 0:01:21]} Rd8
{[%clk 0:06:52]} 34. a5 {[%clk 0:01:23]} Ra8 {[%clk 0:06:47]} 35. Ra3
{[%clk 0:01:32]} Ra6 {[%clk 0:06:35]} 36. Nc7 {[%clk 0:01:36]} Ra7
{[%clk 0:06:42]} 37. a6 Rxc7 {[%clk 0:06:23]} 38. a7 {[%clk 0:01:27]} Rxa7
{[%clk 0:06:29]} 39. Rxa7 {[%clk 0:01:36]} Kg6 {[%clk 0:06:37]} 40. f4
{[%clk 0:01:31]} Nh6 {[%clk 0:06:20]} 41. Rd7 {[%clk 0:01:40]} Nf7
{[%clk 0:06:14]} 42. f5+ {[%clk 0:01:41]} Kg7 {[%clk 0:06:16]} 43. Kc2
{[%clk 0:01:46]} Kf8 {[%clk 0:05:58]} 44. Kc3 {[%clk 0:01:28]} Ke8
{[%clk 0:05:49]} 45. Ra7 {[%clk 0:01:24]} Nh6 {[%clk 0:05:41]} 46. b4
{[%clk 0:01:12]} cxb4+ {[%clk 0:05:40]} 47. Kxb4 {[%clk 0:01:19]} Nxf5
{[%clk 0:05:47]} 48. Ra6 {[%clk 0:01:03]} Kd7 {[%clk 0:05:06]} 49. c5
{[%clk 0:01:09]} dxc5+ {[%clk 0:04:36]} 50. Kxc5 {[%clk 0:01:17]} Ng3
{[%clk 0:04:45]} 51. d6 {[%clk 0:01:03]} Ne4+ {[%clk 0:04:49]} 52. Kd5
{[%clk 0:01:02]} Nc3+ {[%clk 0:04:57]} 53. Kc5 {[%clk 0:00:55]} Ne4+
{[%clk 0:05:05]} 54. Kd4 {[%clk 0:00:31]} Nxd6 {[%clk 0:05:11]} 55. Kd5
{[%clk 0:00:40]} Ne8 {[%clk 0:04:50]} 56. Ra7+ {[%clk 0:00:46]} Nc7+
{[%clk 0:04:38]} 57. Ke4 {[%clk 0:00:55]} Kd6 {[%clk 0:04:38]} 58. Kf5
{[%clk 0:00:55]} Nd5 {[%clk 0:04:36]} 59. Ra6+ {[%clk 0:00:39]} Ke7
{[%clk 0:04:32]} 60. Ke4 {[%clk 0:00:42]} Nc3+ {[%clk 0:04:27]} 61. Kd4
{[%clk 0:00:33]} Ne2+ {[%clk 0:04:10]} 62. Ke4 1/2-1/2

[Event "MCR druzstev mladsich zaku 2015"]
[Site "Hradec Kralove"]
[Date "2015.06.13"]
[Round "3.4"]
[White "Krejcok (BSS F-M \"A\"), Tobias"]
[Black "Husa (ERA), Daniel"]
[Result "1-0"]
[BlackElo "1494"]
[WhiteElo "1605"]
[LiveChessVersion "1.4.4"]

1. e4 {[%clk 0:25:17]} e5 {[%clk 0:25:17]} 2. Nf3 {[%clk 0:25:21]} Nc6
{[%clk 0:25:22]} 3. d4 {[%clk 0:25:23]} exd4 {[%clk 0:25:26]} 4. Nxd4
{[%clk 0:25:27]} Bc5 {[%clk 0:25:24]} 5. Nb3 {[%clk 0:24:33]} Bb6
{[%clk 0:25:24]} 6. Nc3 {[%clk 0:24:30]} d6 {[%clk 0:25:00]} 7. Bf4
{[%clk 0:23:57]} Nf6 {[%clk 0:24:06]} 8. Be2 {[%clk 0:23:05]} h6 {[%clk 0:23:26]}
9. h3 {[%clk 0:22:05]} O-O {[%clk 0:22:09]} 10. Qd3 {[%clk 0:19:58]} Re8
{[%clk 0:19:15]} 11. a3 {[%clk 0:17:50]} Bd7 {[%clk 0:17:33]} 12. O-O
{[%clk 0:16:43]} Ne5 {[%clk 0:15:50]} 13. Qg3 {[%clk 0:15:11]} Kh7
{[%clk 0:12:18]} 14. Rad1 {[%clk 0:13:27]} Qe7 {[%clk 0:08:43]} 15. Nd4
{[%clk 0:11:15]} Bxd4 {[%clk 0:07:38]} 16. Rxd4 {[%clk 0:11:09]} Rad8
{[%clk 0:06:32]} 17. Rfd1 {[%clk 0:09:59]} Nc6 {[%clk 0:03:57]} 18. R4d2
{[%clk 0:09:18]} Kh8 {[%clk 0:02:46]} 19. Nd5 {[%clk 0:08:39]} Nxd5
{[%clk 0:02:47]} 20. exd5 {[%clk 0:08:38]} Ne5 {[%clk 0:02:22]} 21. Be3
{[%clk 0:07:13]} a6 {[%clk 0:01:44]} 22. Bd4 {[%clk 0:06:53]} f6 {[%clk 0:01:38]}
23. f4 {[%clk 0:06:05]} Nf7 {[%clk 0:01:25]} 24. Qg6 {[%clk 0:05:27]} Rg8
{[%clk 0:00:48]} 25. Bd3 {[%clk 0:04:43]} f5 {[%clk 0:00:45]} 26. Re2
{[%clk 0:03:53]} Qf8 {[%clk 0:00:45]} 27. Rde1 {[%clk 0:03:46]} b5
{[%clk 0:00:25]} 28. Re7 {[%clk 0:03:37]} a5 {[%clk 0:00:23]} 29. Rxf7
{[%clk 0:03:39]} Re8 {[%clk 0:00:16]} 30. Qxh6# 1-0